000 00543nam a2200217Ia 4500
003 OSt
005 20230615100151.0
008 210423s2009 xx 000 0 und d
020 _a8184480857
040 _cAL
041 _aeng
082 _a615.1
_223
_b TRIK
100 _aTRIPATHI (K D).
_9102910
245 _aEssentials of medical pharmacology.
250 _a6
260 _aNew Delhi
_bJaypee Brothers
_c2009
300 _axvi,940
_bHB
365 _b795
_cINR
906 _aEssentials ; Medical ; Pharmacology.
942 _2ddc
_cBK
999 _c164194
_d164194